<?xml version="1.0" encoding="UTF-8"?>
<record
    xmlns:xsi="http://www.w3.org/2001/XMLSchema-instance"
    xsi:schemaLocation="http://www.loc.gov/MARC21/slim http://www.loc.gov/standards/marcxml/schema/MARC21slim.xsd"
    xmlns="http://www.loc.gov/MARC21/slim">

  <leader>007220000a22002530004500</leader>
  <datafield tag="090" ind1=" " ind2=" ">
    <subfield code="a">AR</subfield>
    <subfield code="b">03473</subfield>
  </datafield>
  <datafield tag="245" ind1="1" ind2="0">
    <subfield code="a">Taxonomic value of the cuticular structures of the stomodeum in acridomorpha (Orthoptera)</subfield>
  </datafield>
  <datafield tag="650" ind1="1" ind2="4">
    <subfield code="a">Entomolog&#xED;a</subfield>
    <subfield code="9">4483</subfield>
  </datafield>
  <datafield tag="650" ind1="1" ind2="4">
    <subfield code="a">Sistem&#xE1;tica</subfield>
    <subfield code="9">3510</subfield>
  </datafield>
  <datafield tag="650" ind1="1" ind2="4">
    <subfield code="a">Morfolog&#xED;a</subfield>
    <subfield code="9">92917</subfield>
  </datafield>
  <datafield tag="650" ind1="1" ind2="4">
    <subfield code="a">Anatom&#xED;a</subfield>
    <subfield code="9">95070</subfield>
  </datafield>
  <datafield tag="653" ind1=" " ind2=" ">
    <subfield code="f">Acrididae</subfield>
  </datafield>
  <datafield tag="653" ind1=" " ind2=" ">
    <subfield code="f">Eumastacidae</subfield>
  </datafield>
  <datafield tag="653" ind1=" " ind2=" ">
    <subfield code="f">Proscopiidae</subfield>
  </datafield>
  <datafield tag="653" ind1=" " ind2=" ">
    <subfield code="f">Ommexechidae</subfield>
  </datafield>
  <datafield tag="653" ind1=" " ind2=" ">
    <subfield code="f">Pauliinidae</subfield>
  </datafield>
  <datafield tag="653" ind1=" " ind2=" ">
    <subfield code="f">Romaleidae</subfield>
  </datafield>
  <datafield tag="653" ind1=" " ind2=" ">
    <subfield code="f">Tristiridae</subfield>
  </datafield>
  <datafield tag="041" ind1="0" ind2=" ">
    <subfield code="a">Espa&#xF1;ol</subfield>
  </datafield>
  <datafield tag="700" ind1="1" ind2=" ">
    <subfield code="a">Lorier, Estrellita</subfield>
    <subfield code="9">97099</subfield>
  </datafield>
  <datafield tag="100" ind1="1" ind2=" ">
    <subfield code="a">Bentos Pereira, Alba</subfield>
    <subfield code="9">96614</subfield>
  </datafield>
  <datafield tag="942" ind1=" " ind2=" ">
    <subfield code="c">ARTICULO</subfield>
  </datafield>
  <datafield tag="773" ind1="1" ind2=" ">
    <subfield code="t">Journal of Orthoptera Research</subfield>
    <subfield code="h">4</subfield>
    <subfield code="q">185-195</subfield>
    <subfield code="d">1995</subfield>
  </datafield>
  <datafield tag="999" ind1=" " ind2=" ">
    <subfield code="c">12523</subfield>
    <subfield code="d">12523</subfield>
  </datafield>
  <datafield tag="952" ind1=" " ind2=" ">
    <subfield code="0">0</subfield>
    <subfield code="1">0</subfield>
    <subfield code="3">Ej.1</subfield>
    <subfield code="4">0</subfield>
    <subfield code="7">1</subfield>
    <subfield code="8">HEMEROTECA</subfield>
    <subfield code="a">Bogota</subfield>
    <subfield code="b">Bogota</subfield>
    <subfield code="d">2015-02-27</subfield>
    <subfield code="h">Fuera de circulaci&#xF3;n</subfield>
    <subfield code="l">0</subfield>
    <subfield code="o">AR 03473</subfield>
    <subfield code="p">014381</subfield>
    <subfield code="r">2015-03-25 00:00:00</subfield>
    <subfield code="w">2015-03-25</subfield>
    <subfield code="x">Donaci&#xF3;n</subfield>
    <subfield code="y">ARTICULO</subfield>
  </datafield>
  <datafield tag="952" ind1=" " ind2=" ">
    <subfield code="0">0</subfield>
    <subfield code="1">0</subfield>
    <subfield code="3">Ej.2</subfield>
    <subfield code="4">0</subfield>
    <subfield code="7">1</subfield>
    <subfield code="8">HEMEROTECA</subfield>
    <subfield code="a">Bogota</subfield>
    <subfield code="b">Bogota</subfield>
    <subfield code="d">2015-02-27</subfield>
    <subfield code="h">Fuera de circulaci&#xF3;n</subfield>
    <subfield code="l">0</subfield>
    <subfield code="o">AR 03473</subfield>
    <subfield code="p">014382</subfield>
    <subfield code="r">2015-03-25 00:00:00</subfield>
    <subfield code="w">2015-03-25</subfield>
    <subfield code="x">Donaci&#xF3;n</subfield>
    <subfield code="y">ARTICULO</subfield>
  </datafield>
</record>
